ELITECH 09 : 11th conference of doctoral students, May 25, 2009 /
Gespeichert in:
| 1. Verfasser: | |
|---|---|
| Format: | Buch |
| Sprache: | Englisch |
| Veröffentlicht: |
Bratislava :
Faculty of Electrical Engineering and Information Technology of Slovak Technical University in Bratislava,
2009
|
| Ausgabe: | [1st ed.] |
| Schlagworte: | |
| ISBN: | 9788022730914 |
| Online-Zugang: |
|
| Tags: |
Tag hinzufügen
Keine Tags, Fügen Sie den ersten Tag hinzu!
|
MARC
| LEADER | 00000nam a2200000 4500 | ||
|---|---|---|---|
| 003 | SK-BrCVT | ||
| 005 | 20220621163306.0 | ||
| 008 | 100616s2009 xo e ||||||eng d | ||
| 020 | |a 9788022730914 |c 3,46 | ||
| 035 | |a CVTIDW0001089 | ||
| 040 | |b slo |a CVTI SR |e AACR2 | ||
| 041 | 0 | |a eng | |
| 044 | |a xo | ||
| 080 | |a 621.3 |2 UDC-MRF | ||
| 080 | |a 620.2 |2 UDC-MRF | ||
| 080 | |a 621.039 |2 UDC-MRF | ||
| 080 | |a 621.865.8 |2 UDC-MRF | ||
| 100 | 1 | |a Kozáková, Alena |4 aut | |
| 245 | 1 | 0 | |a ELITECH 09 : |b 11th conference of doctoral students, May 25, 2009 / |c authors: A. Kozáková ... [et al.] |h [elektronický zdroj] |
| 250 | |a [1st ed.] | ||
| 260 | |a Bratislava : |b Faculty of Electrical Engineering and Information Technology of Slovak Technical University in Bratislava, |c 2009 | ||
| 300 | |a 1 CD-ROM | ||
| 653 | 1 | |a automatizácia | |
| 653 | 1 | |a meranie | |
| 653 | 1 | |a mikroelektronika | |
| 653 | 1 | |a rádioelektronika | |
| 653 | 1 | |a jadrové inžinierstvo | |
| 653 | 1 | |a materiálové inžinierstvo | |
| 653 | 1 | |a elektroenergetika | |
| 655 | 4 | |a kompaktné disky (CD) | |
| 910 | |b Z000572 | ||
| 919 | |a 978-80-227-3091-4 | ||
| 974 | |a katarina.repata |f Knihy | ||
| 992 | |a JDC | ||
| 992 | |a AZN | ||
| 999 | |c 155893 |d 155893 | ||

